000 00774nam a2200253 i 4500
001 32788
003 BD-RjUL
005 20211209051908.0
008 140428s1979 nyua b 00110 eng
020 _a0029036208
035 _a(BD-RjUL)32878
040 _aDLC
_beng
_cANL
_dBD-RjUL
041 _aeng
082 0 0 _a302.3
_bBLI 1979
_223
100 1 _aBlalock, Hubert M.
_957182
245 1 0 _aIntergroup processes :
_ba micro-macro perspective /
_cHubert M. Blalock, Jr., Paul H. Wilken.
260 _aNew York :
_bFree Press,
_cc1979.
300 _ax, 645 p. :
_bill. ;
_c24 cm.
504 _aBibliography: p. 614-629.and indexes.
650 0 _aSocial groups
_999700
700 1 _aWilken, Paul H.
_ejoint author.
_999704
942 _2ddc
_cBK
999 _c32788
_d32788